000 01422nam1a22003011 4500
001 v19\rc\2006962
005 20251118181334.8
035 _a(NLR Aleph) 005081878
090 _a7205436
_c7205436
100 _a20080811d1915 u y0rusy50 ca
101 0 _arus
102 _aRU
105 _ay z |||||
200 1 _aНовь
_e[Сборник. 1]-
_fРед. Ил. Соломин
210 _aПетроград
_cтип. "Грамотность"
_d1915
215 _d20
327 0 _aАвт.: Е. Алелекова, Л. Борисов, К. Боженко, И. Горинтульский, И. Дракин, Ф. Другов, Т. Ефимова, Ю. Карпов, Б. Корнеев, М. Лихт и др.
464 0 _1701#1$aАлелекова$bЕ.
_1701#1$aБорисов$bЛ.
_1701#1$aБоженко$bК.Н.$gКонстантин Николаевич
_1701#1$aГоринтульский$bИ.
_1701#1$aДракин$bИ.Н.$f1857-$gИван Николаевич
_1701#1$aДругов$bФ.
_1701#1$aЕфимова$bТ.
_1701#1$aКарпов$bЮ.
_1701#1$aКорнеев$bБ.И.$f1896-1958$gБорис Иванович
_1701#1$aЛихт$bМ.
702 1 _aСоломин
_bИл.
_4340
801 0 _aRU
_bNLR
_gpsbo
801 0 _aRU
_bRuMoRGB
_2psbo
801 1 _aRU
_bProSoft-M
_2rusmarc
852 _aNLR
_j37.62.8.23
899 _aRuMoRGB
_jV 85/8
899 _aRuMoRGB
_jV 577/31
899 _aБАН
942 _cBOOK
980 _aNB